| 000 | 00531cam a2200169 4500 | ||
|---|---|---|---|
| 001 | ##L132229 | ||
| 008 | #DATE n1898 000 0 eng u | ||
| 035 | _a(Sirsi) u132229 | ||
| 041 | 0 | _aeng | |
| 100 | 1 | _aFarrow, Frederick Richard | |
| 245 | 0 | 0 | _aSpecifications for building works and how to write them |
| 260 |
_aLondon _bFourdrinier _bWhittaker and Co _c1898 |
||
| 350 |
_a141p. _c19cm. |
||
| 490 | 4 | _aThe Builder Student's Series | |
| 690 | _aBUILT ENVIRONMENT-CONSTRUCTION DESIGN-CONSTRUCTION SPECIFICATION | ||
| 942 | _n0 | ||
| 999 |
_c105062 _d105062 |
||